Practical microscopical metallography, (Record no. 548904)
[ view plain ]
| 000 -LEADER | |
|---|---|
| fixed length control field | 00562cam a22001571 4500 |
| 082 ## - DEWEY DECIMAL CLASSIFICATION NUMBER | |
| Classification number | 669.950282 |
| Author Mark | GRE |
| -- | L-17, P-47 |
| 100 1# - MAIN ENTRY--PERSONAL NAME | |
| Personal name | Greaves, Richard Henry. |
| 9 (RLIN) | 45358 |
| 245 10 - TITLE STATEMENT | |
| Title | Practical microscopical metallography, |
| Statement of responsibility, etc. | by Richard Henry Greaves and Harold Wrighton. |
| 250 ## - EDITION STATEMENT | |
| Edition statement | 3d ed. rev. and enl. (reprinted) |
| 260 ## - PUBLICATION, DISTRIBUTION, ETC. | |
| Place of publication, distribution, etc. | London, |
| Name of publisher, distributor, etc. | Chapman & Hall, |
| Date of publication, distribution, etc. | 1941. |
| 300 ## - PHYSICAL DESCRIPTION | |
| Extent | xi, 272 p. |
| Other physical details | illus., 60 plates on 31 l. |
| Dimensions | 26 cm. |
| 526 ## - STUDY PROGRAM INFORMATION NOTE | |
| Program name | 0 |
| Interest level | 0 |
| Reading level | 0 |
| Title point value | 669_950282000000000_GRE |
| 650 #0 - SUBJECT ADDED ENTRY--TOPICAL TERM | |
| Topical term or geographic name entry element | Metallography. |
| 9 (RLIN) | 44882 |
| 700 1# - ADDED ENTRY--PERSONAL NAME | |
| Personal name | Wrighton, Harold, |
| 9 (RLIN) | 45359 |
| 942 ## - ADDED ENTRY ELEMENTS (KOHA) | |
| Source of classification or shelving scheme | |
| Koha item type | Book |
| Withdrawn status | Lost status | Source of classification or shelving scheme | Damaged status | Not for loan | Permanent Location | Current Location | Date acquired | Total Checkouts | Full call number | Barcode | Date last seen | Price effective from | Koha item type |
|---|---|---|---|---|---|---|---|---|---|---|---|---|---|
| Military College of Engineering (MCE) | Military College of Engineering (MCE) | 09/10/2014 | 669.950282 GRE | MCE-29946 | 09/10/2014 | 03/14/2021 | Book |
